Arica, Diez mil Años

Shranjeno v:
Bibliografske podrobnosti
Format: Knjiga
Jezik:španščina
angleščina
Izdano: Santiago, Chile: Museo Chileno de Arte Precolombino, 1991
Izdaja:2a. ed
Serija:Colección Santander - Museo Chileno de Arte Precolombino
Teme:
Online dostop:Disponible Online - Museo Chileno de Arte Precolombino
Oznake: Označite
Brez oznak, prvi označite!

MARC

LEADER 00000cam a2200000 a 4500
001 UCE6021
003 CL-VaPUC
005 20250225112413.0
008 150319e19911000cl |||||||||||||||||spa|d
999 |c 358514  |d 358512 
040 |c Pontificia Universidad Católica de Valparaíso 
041 0 7 |a spa  |2 CL-VaPUC 
041 0 7 |a eng  |2 CL-VaPUC 
082 0 4 |a 391.00983122 ARI 1991  |2 21 
245 1 0 |a Arica, Diez mil Años 
250 |a 2a. ed 
260 |a Santiago, Chile:  |b Museo Chileno de Arte Precolombino,  |c 1991 
300 |a 85 páginas 
490 |a Colección Santander - Museo Chileno de Arte Precolombino 
500 |a C.3 Donado por Museo de Arte Precolombino al Fondo Margot Loyola. Abril 2022 
583 |a last modification  |c 20150319 12:57:00  |k Rodrigo Vera 
650 7 |a Indumentaria  |2 CL-VaPUC  |9 265322 
650 0 |a Vestimenta  |9 265323 
650 7 |a Utensilios e Implementos  |2 CL-VaPUC  |9 268101 
650 0 |a Arte Precolombino Chileno  |2 CL-VaPUC  |9 541478 
856 |u https://museo.precolombino.cl/wp-content/uploads/2020/09/Arica-diez-mil-an%CC%83os-1.pdf  |y Disponible Online - Museo Chileno de Arte Precolombino 
942 |c BK  |2 ddc 
945 |d 20150319 12:57:00  |a dcastane 
952 |0 0  |1 0  |3 erb  |4 0  |6 391_009831220000000_ARI_1991  |7 0  |8 A  |9 467268  |a BIBARQ  |b BIBARQ  |i 5142075  |o 391.00983122 ARI 1991  |p 5142075  |r 2025-01-20  |w 2019-11-23  |y BK  |z Catalogado en:20150319  |k ARQ 
952 |0 0  |1 0  |3 erb  |4 0  |6 391_009831220000000_ARI_1991  |7 0  |8 A  |9 467269  |a BIBARQ  |b BIBARQ  |i 5142083  |o 391.00983122 ARI 1991  |p 5142083  |r 2025-01-20  |w 2019-11-23  |y BK  |z Catalogado en:20150319  |k ARQ 
952 |0 0  |1 0  |2 ddc  |4 0  |6 391_009831220000000_ARI_1991  |7 0  |8 X  |9 582508  |a FDOMLP  |b FDOMLP  |d 2022-04-07  |e Donación  |i 5650728  |o 391.00983122 ARI 1991  |p 5650728  |r 2022-04-07  |t 3  |w 2022-04-07  |y BK_X  |k BU2